ბათუმის შოთა რუსთაველის სახელმწიფო უნივერსიტეტის ბიბლიოთეკა

მოამბე. იანვარი-თებერვალი-მარტი-აპრილი.ტ.4 #1 2010 (ბიბ.ჩანაწერი № 45309)

000 -LEADER
fixed length control field 00639nam a2200193Ia 4500
001 - CONTROL NUMBER
control field 12133
003 - CONTROL NUMBER IDENTIFIER
control field GE_BSU
008 - FIXED-LENGTH DATA ELEMENTS--GENERAL INFORMATION
fixed length control field 181216s||||||||xx |||||||||||||| ||und||
040 ## - CATALOGING SOURCE
Transcribing agency GE_BSU
245 ## - TITLE STATEMENT
Title მოამბე. იანვარი-თებერვალი-მარტი-აპრილი.ტ.4 #1 2010
245 ## - TITLE STATEMENT
Remainder of title Bulletin
245 ## - TITLE STATEMENT
Statement of responsibility, etc. საქართველოს მეცნიერებათა ეროვნული აკადემია
260 ## - PUBLICATION, DISTRIBUTION, ETC.
Place of publication, distribution, etc. თბილისი.
260 ## - PUBLICATION, DISTRIBUTION, ETC.
Date of publication, distribution, etc. 2014
300 ## - PHYSICAL DESCRIPTION
Extent 6გვ.30სმ.
653 ## - INDEX TERM--UNCONTROLLED
Uncontrolled term Bulletin
653 ## - INDEX TERM--UNCONTROLLED
Uncontrolled term მოამბე
942 ## - ADDED ENTRY ELEMENTS (KOHA)
Koha item type პერიოდიკა
ეგზემპლარები
Withdrawn status Lost status Damaged status Not for loan Date acquired Barcode Date last seen Price effective from Koha item type Public note
        2018-12-17 P76542 2018-12-17 2018-12-17 პერიოდიკა ნაჩუქარი